000 00294nam a22001337a 4500
008 171102b xxu||||| |||| 00| 0 eng d
020 _a9780415953047
041 _aeng
080 _a339.9
100 _a59
101 _aGLO
245 _aTHE GLOBALIZATION OF ISRAEL
_cRAM,U
942 _2udc
_cBK
999 _c37160
_d37160